| 000 | 00960nam2a2200205 4500 | ||
|---|---|---|---|
| 001 | RU\NLR\PER_A\011382920_000290 | ||
| 005 | 20250625140228.0 | ||
| 035 | _a(NLR Aleph) 022142612 | ||
| 090 |
_a12870201 _c12870201 |
||
| 100 | _a20240219d2023 |||y0rusy50 ca | ||
| 101 | 0 | _arus | |
| 102 | _aRU | ||
| 200 | 0 | _a№ 15 | |
| 210 |
_d2023 _aБ. м. |
||
| 461 | 0 |
_1001RU\NLR\BIBL_A\011382920 _12001#$aЛитература двух Америк$dLiterature of the Americas$dLiteratura de Américas$eисторико-литературный журнал$eрецензируемый научный журнал$zeng$zspa$v№ 15 _911411329 _cМосква _d2016 - _lLiterature of the Americas _n[б. и.] _oисторико-литературный журнал : рецензируемый научный журнал _tЛитература двух Америк _x2541-7894 _v№ 15 |
|
| 852 |
_aNLR _jП34/2337 |
||
| 942 | _cISSUE | ||
| 980 | _aNB | ||
| 980 | _aRUSPER | ||